Strategic airport planning
Guardat en:
| Autors principals: | , |
|---|---|
| Format: | Llibre |
| Idioma: | anglès |
| Publicat: |
Amsterdam
Pergamon
1999
|
| Matèries: | |
| Etiquetes: |
Afegir etiqueta
Sense etiquetes, Sigues el primer a etiquetar aquest registre!
|
MARC
| LEADER | 00000nam a2200000 a 4500 | ||
|---|---|---|---|
| 001 | UCP3945 | ||
| 003 | CL-VaPUC | ||
| 008 | 990709e19990000NE |||||||||||||||||eng|d | ||
| 082 | 0 | 4 | |a 387.736 |b CAV |2 21 |
| 100 | 0 | |a Caves, Robert E |e author |9 431341 | |
| 700 | 0 | |a Gosling, Geoffrey D |e author |9 431342 | |
| 245 | 1 | 0 | |a Strategic airport planning |
| 300 | |a 451 p | ||
| 942 | |c BK | ||
| 945 | |d 19990709 00:00:00 |a vberengu | ||
| 260 | |a Amsterdam |b Pergamon |c 1999 | ||
| 650 | 0 | |a Transportes aéreos |9 260842 | |
| 650 | 0 | |a Aeropuertos |9 261061 | |
| 650 | 0 | |a Control de tráfico aéreo |9 364936 | |
| 650 | 7 | |a TRANSPORTE DE PASAJEROS |2 CL-VaPUC |9 260885 | |
| 651 | 7 | |a UNION EUROPEA |2 CL-VaPUC |9 431343 | |
| 651 | 0 | |a Estados Unidos |9 255178 | |
| 583 | |a last modification |c 19990709 00:00:00 |k Rodrigo Vera | ||
| 999 | |c 282057 |d 282055 | ||
| 952 | |0 0 |1 0 |4 0 |6 387_736000000000000_CAV_1999 |7 0 |8 A |9 323365 |a BIBING |b BIBING |d 2019-11-20 |i 3530817 |o 387.736 CAV 1999 |p 3530817 |r 2025-01-20 |w 2019-11-20 |y BK |k TRA | ||